| 000 | 00492nam a2200169Ia 4500 | ||
|---|---|---|---|
| 999 |
_c26945 _d26945 |
||
| 003 | OSt | ||
| 005 | 20210106123159.0 | ||
| 008 | 190216s9999||||xx |||||||||||||| ||und|| | ||
| 040 | _coclc | ||
| 082 |
_a894.8128 _bVAS/A |
||
| 100 |
_aVasanthan, S K _97770 |
||
| 245 | 0 |
_aAppan Thamburan Oru Padanam / _c S K Vasanthan |
|
| 260 |
_bPoorna Publication, _a Kozhikode: _c1992. |
||
| 300 | _a120p | ||
| 650 | _aPadanam | ||
| 942 |
_cBK _2ddc _h894.8128 _iVAS/A _k894.8128 _mVAS/A |
||